Countries That Have A Sun In Their Flag (But it's zoomed in to the sun - Statistics

General Stats
  • This quiz has been taken 38 times
  • The average score is 17 of 21
Answer Stats
Picture Answer % Correct
Argentina
97%
Bangladesh
97%
Japan
97%
Kazakhstan
97%
Uruguay
94%
North Macedonia
91%
Ecuador
88%
Mongolia
88%
Kyrgyzstan
85%
Nauru
85%
Kiribati
82%
Antigua and Barbuda
79%
Marshall Islands
79%
Nepal
79%
Niger
79%
Palau
79%
Taiwan
79%
Philippines
76%
Malawi
64%
Namibia
52%
Rwanda
39%
No matching quizzes found
Score Distribution
Percent of People with Each Score
Percentile by Number Answered
Your Score History
You have not taken this quiz